| 000 | 00509nam a22001937a 4500 | ||
|---|---|---|---|
| 003 | CEME | ||
| 005 | 20210628202636.0 | ||
| 008 | 210210b xxu||||| |||| 00| 0 eng d | ||
| 020 | _a81-7808-559-3 | ||
| 040 | _c. | ||
| 082 | _a621.382 TOC | ||
| 100 |
_aTocci, Ranald J,Widmer, Neal S _960862 |
||
| 245 | _aDigital systems prinicple and applications | ||
| 250 | _a8TH | ||
| 260 |
_aINDIA _bPEARSON EDUCATION ASIA _c2002 |
||
| 300 | _aXXVI,881P | ||
| 650 |
_aDIGITAL PRINCIPLES _960863 |
||
| 942 |
_cBK _2ddc |
||
| 999 |
_c570484 _d570484 |
||